Focus: rural architecture (Record no. 74504)

MARC details
000 -LEADER
fixed length control field 00906cab a2200205 4500
001 - CONTROL NUMBER
control field ABS68089
008 - FIXED-LENGTH DATA ELEMENTS--GENERAL INFORMATION
fixed length control field 040818n2004 000 0 eng u
035 ## - SYSTEM CONTROL NUMBER
System control number (Sirsi) u127093
245 ## - TITLE STATEMENT
Title Focus: rural architecture
260 ## - PUBLICATION, DISTRIBUTION, ETC.
Date of publication, distribution, etc. 2004
490 ## - SERIES STATEMENT
Series statement Building Design
Volume/sequential designation (1635) 23 July 2004, 11-15 (5)
520 ## - SUMMARY, ETC.
Summary, etc. Examines the role of rural architecture as urban strategies are being modified to relieve growing pressure on the countryside. As more people move from the towns and push up house prices, rural areas also need more affordable housing. Also examines moves towards a modern rural architecture by looking at three new schemes and the role of local architects in providing for local needs.
590 ## - LOCAL NOTE (RLIN)
Local note ABS
650 ## - SUBJECT ADDED ENTRY--TOPICAL TERM
Topical term or geographic name entry element ARCHITECTURE
650 ## - SUBJECT ADDED ENTRY--TOPICAL TERM
Topical term or geographic name entry element RURAL DEVELOPMENT
650 ## - SUBJECT ADDED ENTRY--TOPICAL TERM
Topical term or geographic name entry element RURAL BUILDINGS
650 ## - SUBJECT ADDED ENTRY--TOPICAL TERM
Topical term or geographic name entry element REGENERATION
690 ## - LOCAL SUBJECT ADDED ENTRY--TOPICAL TERM (OCLC, RLIN)
Topical term or geographic name as entry element BUILT ENVIRONMENT-CONSTRUCTION DESIGN
942 ## - ADDED ENTRY ELEMENTS (KOHA)
Suppress in OPAC 0
Holdings
Withdrawn status Lost status Source of classification or shelving scheme Damaged status Not for loan Home library Current library Shelving location Date acquired Total Checkouts Full call number Barcode Date last seen Copy number Price effective from Koha item type
    Dewey Decimal Classification     London London Journal article 18/08/2004   ABS68089 127093-1001 06/08/2019 1 06/08/2019 Journal article